| 000 | 01552cam a22003977a 4500 | ||
|---|---|---|---|
| 003 | CHAP | ||
| 005 | 20220817043843.0 | ||
| 008 | 020828d2002 mx abd r 00110 spa d | ||
| 010 | _a86187 | ||
| 011 | _a87159 | ||
| 035 | _a97701 | ||
| 040 | _cCHAP | ||
| 090 | _aTesis | ||
| 100 | 0 | 0 |
_aChávez Durán, Francisco Armando. _922691 |
| 245 | 1 | 0 |
_aCuándo y cuánto regar los cultivos usando reflectometros de contenido de humedad en el módulo de riego II-1, del Distrito de Riego 010 Culiacán _c/por Francisco Armando Chávez Durán |
| 260 |
_aChapingo, Méx. : _bEl autor, _c2002 |
||
| 300 |
_a83 h. : _bilus. ; gráfs. ; mapas cuadros + anexos |
||
| 502 | _aTesis (Ing. Agr. Esp. en Irrigación) -- UACH. Departamento de Irrigación | ||
| 590 |
_aALEPH _b10 _c20130110 _lUCH01 _h1449 |
||
| 590 |
_aBATCH-UPD _b10 _c20130110 _lUCH01 _h0252 |
||
| 590 |
_aBATCH-UPD _b10 _c20130110 _lUCH01 _h1511 |
||
| 590 |
_aBATCH-UPD _b10 _c20130409 _lUCH01 _h2323 |
||
| 590 |
_aBATCH-UPD _b10 _c20130410 _lUCH01 _h1401 |
||
| 590 |
_aBATCH-UPD _b10 _c20130914 _lUCH01 _h0927 |
||
| 590 |
_aCONVERSION _b10 _c20130109 _lUCH01 _h1348 |
||
| 650 | 1 | 4 |
_aCultivos _xAgua requerida. _930224 |
| 650 | 1 | 4 |
_aCultivos _xIrrigación. _930287 |
| 650 | 1 | 4 |
_aCultivos _xSinaloa. _930326 |
| 650 | 1 | 4 |
_aDistrito de Riego Culiacán, Sin. _932865 |
| 650 | 1 | 4 | _aHumedad. |
| 901 | _aBK | ||
| 905 | _aMarco A. Mendoza T. | ||
| 942 | _cFOLL | ||
| 949 |
_aTesis _bBC _cTES _d33724000870358 _eTS2 _fc.2 _gDonaciØn _h39896 _i97701 _sb |
||
| 949 |
_aTesis _bBC _cTES _d977011 _eTS1 _gDonaciØn _h39895 _i97701 _sb |
||
| 999 |
_c86187 _d86187 |
||